| 000 | 02473nam a2200301 a 4500 | ||
|---|---|---|---|
| 001 | |||
| 003 | DO-SdBNP | ||
| 005 | 20211228103921.0 | ||
| 008 | 091001s2016 dr ac r 001 p spa d | ||
| 020 | _a9789945435245 | ||
| 040 |
_aDO-SdBNP _bspa _cBPMSU |
||
| 082 |
_a946 _bB171e, 2016 _222 |
||
| 100 | 1 |
_a Balaguer, Joaquín, _d1906-2002 _92 |
|
| 245 | 1 | 0 |
_aEspaña infinita / _cJoaquín Balaguer. |
| 250 | _a3a. ed. | ||
| 260 |
_aSanto Domingo : _bFundación Joaquín Balaguer, _c2016. |
||
| 300 |
_a245 p. : _bil. ; _c24 cm. |
||
| 500 | _aIncluye referencias bibliográficas y notas al pie de las páginas | ||
| 500 | _aIncluye índice onomástico | ||
| 505 | 0 | _aOrígenes -- El clima -- La tierra -- Las distintas España -- -- Qué es una Nación? -- La última de las España -- La concepción de Bolívar -- Las relaciones de España con sus antiguas colonias -- Repercusión en Europa -- La antiespaña -- La nueva era -- Europa y el libre examen -- El padre Mariana, precursor de la revolución francesa -- la Inquisición y los intelectuales españoles -- La ciencia y los españoles -- La intolerancia -- España y la conquista de América -- La barbarie en las diferentes razas humanas -- España y la Edad Media -- Primacía de España en la edad media -- Los siglos XIV y XV --Los humanistas -- Alfonso V de Aragón -- Elio Antonio de Nebrija -- Rasgos típicos del caracter español- - Clericales y anticlericales -- La práctica religiosa en América y en España -- La historia y sus protagonistas -- Las órdenes -- Pascal y los jesuitas -- Disidencia de los jesuitas -- La orden de los dominicos -- El Cid -- Argumento del dracma -- Viriato -- España en las artes y las letras -- La herencia griega -- El teatro español -- Tirso de Molina -- Los sainetes -- La zarzuela -- La narrativa -- Alarcón -- Pereda -- El señor Bembibre -- Pérez Galdós -- El renacimiento español del siglo XVI -- Lulio -- Suárez -- Vives -- Fox Morcillo -- Síntesis -- La filosofía española contemporánea -- La poesía española -- El gongorismo -- Culteranismo y conceptismo -- Los grandes escritores -- Quevedo -- Baltasar Gracián -- Garcilaso -- José Zorrilla -- La poesía en | |
| 590 | _aInventariado, 2021/VM | ||
| 650 | 4 |
_a Literatura española _xHistoria y crítica |
|
| 651 | 4 |
_aEspaña _xHistoria |
|
| 651 | 4 |
_aEspaña _xCivilización |
|
| 710 | 2 | _aFundación Joaquín Balaguer (República Dominicana) | |
| 910 | _aVMateo V. | ||
| 942 |
_2ddc _cBK |
||
| 999 |
_c13930 _d13930 |
||